Report on determination of a rational salary structure for senior functionaries (joint secretary and above in the central government) (Record no. 482018)

000 -LEADER
fixed length control field 00527cam a22001337a 4500
008 - FIXED-LENGTH DATA ELEMENTS--GENERAL INFORMATION
fixed length control field 180718b1996 xxu||||| |||| 00| 0 eng d
082 ## - DEWEY DECIMAL CLASSIFICATION NUMBER
Classification number K23x54 In2/5/I
100 ## - MAIN ENTRY--PERSONAL NAME
Personal name Prasad Prasad
245 ## - TITLE STATEMENT
Title Report on determination of a rational salary structure for senior functionaries (joint secretary and above in the central government)
Statement of responsibility, etc. by Kamta Prasad
260 ## - PUBLICATION, DISTRIBUTION, ETC.
Place of publication, distribution, etc. Delhi
Name of publisher, distributor, etc. Indian Institute of Public Administration
Date of publication, distribution, etc. 1996
300 ## - PHYSICAL DESCRIPTION
Extent 144p.
650 ## - SUBJECT ADDED ENTRY--TOPICAL TERM
Topical term or geographic name entry element Central pay commission - India
650 ## - SUBJECT ADDED ENTRY--TOPICAL TERM
Topical term or geographic name entry element Wages - Government policy reports
Holdings
Withdrawn status Lost status Damaged status Not for loan Permanent Location Current Location Date acquired Full call number Barcode Date last seen Price effective from Koha item type
        Indian Institute of Public Administration Indian Institute of Public Administration 2018-08-04 K23x54 In2/5/I GG22023 2018-08-04 2018-08-04 GG

Powered by Koha